Normal view MARC view
  • Benítez, Fernando,

Entry Nombre Personal

Number of records used in: 33

001 - NUMERO DE CONTROL

  • campo de control: 31076

003 - IDENTIFICADOR DE NUMERO DE CONTROL

  • campo de control: MX-MxUPN

005 - FECHA Y HORA DE LA ÜLTIMA TRANSACCIÓN

  • campo de control: 20220210200043.0

008 - DATOS DE LONGITUD FIJA

  • campo de control de longitud fija: nabaccnnaabn|||||||||| b |nc|||||d

035 ## - NUMERO DE CONTROL

  • Número de control: UPN11000003182

040 ## - FUENTE DE CATALOGACIÓN

  • Agencia original de catalogación: MX-MxUPN
  • Lenguaje de catalogación: spa
  • Agencia de transcripción: MX-MxUPN

053 #4 - NÚMERO DE CLASIFICACIÓN LC

  • Número de clasificación elemento-número único o número inicial de tramo: PQ7297 B3.9

100 1# - ENCABEZAMIENTO - NOMBRE PERSONAL

  • Nombre personal: Benítez, Fernando,
  • Fechas asociadas con el nombre: 1912-2000

670 ## - FUENTE EN LA QUE SE LOCALIZARON DATOS

  • Cita de la fuente: El agua envenenada, 1984:
  • Información localizada: portada (Fernando Benítez)

902 ## - CATALOGADOR

  • Catalogador: MMA/290611